| 000 | 00351nam a2200133Ia 4500 | ||
|---|---|---|---|
| 008 | 191201s2005 xx 000 0 und d | ||
| 082 |
_a530 _bALE |
||
| 100 | _aALI OMAR, M | ||
| 245 | 0 | _aElementary Solid State Physics Principles and Applications | |
| 260 |
_aN.Delhi _bPearson Education _c2005 |
||
| 300 | _a669 | ||
| 650 | _aApplied | ||
| 942 |
_2ddc _cBK |
||
| 999 |
_c1334 _d1334 |
||